000 01100nam a2200301Ia 4500
003 OSt
005 20221007123947.0
006 a|||||r|||| 00| 0
007 ta
008 221006b |||||||| |||| 00| 0 eng d
020 _a9780199216956 (pbk)
024 _a83834
037 _b1163, 01/01/2009, Educational Book Agency (India)
_cTextbook
040 _aCDL
_cCDL
_beng
041 _2eng
_aeng
082 _aE1, P8;1 Carc
100 _aLi Wai-Kee
_9718210
245 0 _aAdvanced structural inorganic chemistry
_b Zhou Gong-Du Mak Thomas Chung Wai
260 _aOxford
_bOxford University Press
_c2008
300 _axx, 819p.
_ccm.
490 _aInternational union of crystallography texts on crystallography, 10
500 _aIncludes bibliographical references.; Index 811-819p.
650 _aChemistry
700 _a Mak Thomas Chung Wai
_9718211
700 _a Zhou Gong-Du
_9718212
942 _hE1, P8;1 Carc
_cTB
_2CC
999 _c1212721
_d1212721